| 000 | 00323nam a22001217a 4500 | ||
|---|---|---|---|
| 082 |
_a346.5491015 _bZAF |
||
| 100 | _aZafar, Ch. Muhammad | ||
| 245 |
_aRedefining The Muslim Family Laws / _cCh. Muhammad Zafar |
||
| 260 |
_aLahore: _bMonthly Law Post, _c2021. |
||
| 300 | _a415 p. | ||
| 563 | _aHB. | ||
| 942 |
_2ddc _cBK |
||
| 999 |
_c614079 _d614079 |
||